[Event "Northumbrian Masters 1st"]
[Site "Newcastle"]
[Date "1996.09.01"]
[Round "9"]
[White "Pliester, Leon"]
[Black "Wall, Gavin"]
[Result "1/2-1/2"]
[WhiteElo "2350"]
[BlackElo "2305"]
[PlyCount "66"]
[EventDate "1996.08.28"]
[EventType "swiss"]
[EventRounds "9"]
[EventCountry "ENG"]
[SourceVersionDate "2020.09.25"]

1. d4 f5 2. g3 Nf6 3. Bg2 g6 4. Nh3 e6 5. Nf4 d6 6. Nc3 d5 7. O-O Nc6 8. b3 Bd7
9. e3 g5 10. Nh5 g4 11. Nf4 Bd6 12. Nce2 Ne7 13. c4 c6 14. a4 Rc8 15. Ba3 Bb8
16. Qd3 O-O 17. Rad1 Rf7 18. f3 gxf3 19. Bxf3 Kh8 20. Nc1 Ne4 21. Qc2 Ng6 22.
Ncd3 Nxf4 23. gxf4 Qh4 24. Bxe4 fxe4 25. Ne5 Bxe5 26. dxe5 Rg8+ 27. Kh1 Qh3 28.
Qf2 d4 29. exd4 Rxf4 30. Qe2 Rxf1+ 31. Qxf1 Qg4 32. Qf6+ Rg7 33. Qf8+ Rg8
1/2-1/2